[Event "13. Golden Prague Rapid Open"]
[Site "Praha"]
[Date "2017.07.01"]
[Round "1.13"]
[White "Matas, Stanislav"]
[Black "Benes, Petr"]
[Result "0-1"]
[WhiteElo "1776"]
[BlackElo "2137"]
[Annotator ""]
[Source ""]
[Remark ""]

1.e4 {[%clk 0:12:03]} Nc6 {[%clk 0:11:56]} 2.Nf3 {[%clk 0:12:03]}
d6 {[%clk 0:11:53]} 3.Bc4 {[%clk 0:11:59]} Nf6 {[%clk 0:11:45]}
4.d3 {[%clk 0:11:57]} e6 {[%clk 0:11:31]} 5.O-O {[%clk 0:11:55]}
Be7 {[%clk 0:11:28]} 6.Nc3 {[%clk 0:11:46]} O-O {[%clk 0:11:11]}
7.h3 {[%clk 0:11:35]} Na5 {[%clk 0:10:58]} 8.Bb3 {[%clk 0:11:32]}
c5 {[%clk 0:10:30]} 9.a4 {[%clk 0:11:12]} Nxb3 {[%clk 0:10:29]}
10.cxb3 {[%clk 0:11:13]} b6 {[%clk 0:10:08]} 11.Bd2 {[%clk 0:11:09]}
Ba6 {[%clk 0:09:55]} 12.Ne1 {[%clk 0:10:52]} Nd7 {[%clk 0:09:24]}
13.Bf4 {[%clk 0:10:32]} Ne5 {[%clk 0:09:13]} 14.Rc1 {[%clk 0:10:10]}
Bf6 {[%clk 0:08:13]} 15.Bxe5 {[%clk 0:09:16]} dxe5 {[%clk 0:08:05]}
16.Qf3 {[%clk 0:09:06]} Qd7 {[%clk 0:07:45]} 17.Rd1 {[%clk 0:08:36]}
Rad8 {[%clk 0:07:40]} 18.g4 {[%clk 0:07:04]} Bg5 {[%clk 0:07:30]}
19.Qg3 {[%clk 0:06:44]} Bf4 {[%clk 0:07:29]} 20.Qf3 {[%clk 0:06:38]}
f5 {[%clk 0:07:25]} 21.Ng2 {[%clk 0:06:23]} fxg4 {[%clk 0:07:13]}
22.Qe2 {[%clk 0:06:10]} gxh3 {[%clk 0:06:47]} 23.Nxf4 {[%clk 0:06:04]}
Rxf4 {[%clk 0:06:15]} 24.Nb5 {[%clk 0:05:57]} Rdf8 {[%clk 0:05:41]}
25.Qh5 {[%clk 0:05:46]} Qf7 {[%clk 0:04:46]} 26.Nd6 {[%clk 0:05:37]}
Qxh5 {[%clk 0:04:45]} 0-1

[Event "13. Golden Prague Rapid Open"]
[Site "Praha"]
[Date "2017.07.01"]
[Round "1.14"]
[White "Tsenov, Tsvetoslav"]
[Black "Barton, Milan"]
[Result "1-0"]
[WhiteElo "2129"]
[BlackElo "1741"]
[Annotator ""]
[Source ""]
[Remark ""]

1.e4 {[%clk 0:12:04]} e5 {[%clk 0:12:03]} 2.Nf3 {[%clk 0:12:05]}
Nc6 {[%clk 0:12:05]} 3.Bb5 {[%clk 0:11:58]} a6 {[%clk 0:12:07]}
4.Ba4 {[%clk 0:11:58]} Nf6 {[%clk 0:12:09]} 5.O-O {[%clk 0:11:59]}
Be7 {[%clk 0:12:11]} 6.Re1 {[%clk 0:12:00]} b5 {[%clk 0:12:14]}
7.Bb3 {[%clk 0:12:02]} d6 {[%clk 0:12:16]} 8.c3 {[%clk 0:12:02]}
O-O {[%clk 0:12:15]} 9.h3 {[%clk 0:12:03]} Na5 {[%clk 0:12:13]}
10.Bc2 c5 11.d4 {[%clk 0:12:06]} Qc7 {[%clk 0:12:17]} 12.Nbd2
{[%clk 0:12:02]} c4 {[%clk 0:12:13]} 13.Nf1 {[%clk 0:11:40]}
Nc6 {[%clk 0:10:28]} 14.d5 {[%clk 0:11:31]} Nb8 {[%clk 0:10:22]}
15.Ng3 {[%clk 0:11:09]} Re8 {[%clk 0:10:15]} 16.Bg5 {[%clk 0:11:06]}
h6 {[%clk 0:10:01]} 17.Bd2 {[%clk 0:10:28]} Nbd7 {[%clk 0:09:48]}
18.a4 {[%clk 0:10:26]} Bb7 {[%clk 0:09:47]} 19.Nf5 {[%clk 0:10:27]}
Nf8 {[%clk 0:09:48]} 20.N3h4 {[%clk 0:09:51]} N6h7 {[%clk 0:09:20]}
21.Qg4 {[%clk 0:09:33]} Bg5 {[%clk 0:08:36]} 22.f4 {[%clk 0:07:53]}
exf4 {[%clk 0:08:14]} 23.Bxf4 {[%clk 0:07:39]} Kh8 {[%clk 0:05:15]}
24.Kh1 {[%clk 0:04:53]} Nf6 {[%clk 0:05:03]} 25.Qf3 {[%clk 0:04:54]}
Bxf4 {[%clk 0:03:52]} 26.Qxf4 {[%clk 0:04:53]} Ng6 {[%clk 0:03:18]}
27.Nxg6+ {[%clk 0:04:41]} fxg6 {[%clk 0:03:18]} 28.Qxd6 {[%clk 0:04:24]}
Qd8 {[%clk 0:02:18]} 29.Qxd8 {[%clk 0:04:10]} Raxd8 {[%clk 0:02:20]}
30.Nd4 {[%clk 0:04:04]} Re5 {[%clk 0:01:39]} 31.axb5 {[%clk 0:04:00]}
axb5 {[%clk 0:01:37]} 32.Ra7 {[%clk 0:03:47]} Ba8 {[%clk 0:01:22]}
33.Rea1 {[%clk 0:03:30]} Ree8 {[%clk 0:01:03]} 34.Ne6 {[%clk 0:03:08]}
 1-0

[Event "13. Golden Prague Rapid Open"]
[Site "Praha"]
[Date "2017.07.01"]
[Round "1.15"]
[White "Veselsky, Jan"]
[Black "Reznicek, Marcel"]
[Result "0-1"]
[WhiteElo "1727"]
[BlackElo "2091"]
[Annotator ""]
[Source ""]
[Remark ""]

1.d4 {[%clk 0:12:02]} Nf6 {[%clk 0:12:05]} 2.c4 {[%clk 0:11:56]}
g6 {[%clk 0:12:06]} 3.Nc3 {[%clk 0:11:41]} d5 {[%clk 0:12:09]}
4.Nf3 {[%clk 0:11:25]} Bg7 {[%clk 0:12:11]} 5.Bf4 {[%clk 0:11:18]}
c6 {[%clk 0:12:11]} 6.e3 {[%clk 0:09:55]} O-O {[%clk 0:12:12]}
7.Be2 {[%clk 0:08:46]} a6 {[%clk 0:12:13]} 8.O-O {[%clk 0:08:39]}
b5 {[%clk 0:12:15]} 9.cxd5 {[%clk 0:08:35]} cxd5 {[%clk 0:12:15]}
10.Rc1 {[%clk 0:06:45]} Bd7 {[%clk 0:12:17]} 11.a3 {[%clk 0:06:37]}
Nc6 {[%clk 0:12:13]} 12.Qb3 {[%clk 0:05:42]} Na5 {[%clk 0:12:06]}
13.Qd1 {[%clk 0:05:38]} Nc4 {[%clk 0:12:02]} 14.Qb3 {[%clk 0:05:27]}
Rc8 {[%clk 0:12:03]} 15.Rfd1 {[%clk 0:05:14]} Bc6 {[%clk 0:12:04]}
16.Ne5 {[%clk 0:05:05]} Ba8 {[%clk 0:12:02]} 17.a4 {[%clk 0:04:40]}
Na5 {[%clk 0:11:42]} 18.Qc2 {[%clk 0:04:27]} b4 {[%clk 0:11:44]}
19.Nb1 {[%clk 0:04:16]} Rxc2 {[%clk 0:11:44]} 20.Rxc2 {[%clk 0:04:12]}
Ne4 {[%clk 0:11:45]} 21.Rdc1 {[%clk 0:03:55]} Nd6 {[%clk 0:11:45]}
22.Rc5 {[%clk 0:03:50]} Nb3 {[%clk 0:11:31]} 0-1

[Event "13. Golden Prague Rapid Open"]
[Site "Praha"]
[Date "2017.07.01"]
[Round "1.16"]
[White "Starek, Stanislav"]
[Black "Pipek, Petr"]
[Result "0-1"]
[WhiteElo "2085"]
[BlackElo "1707"]
[Annotator ""]
[Source ""]
[Remark ""]

1.e4 {[%clk 0:12:05]} c5 {[%clk 0:12:05]} 2.c4 d6 {[%clk 0:12:05]}
3.Nc3 {[%clk 0:12:09]} g6 {[%clk 0:12:07]} 4.g3 {[%clk 0:12:11]}
Bg7 {[%clk 0:12:09]} 5.Nge2 {[%clk 0:12:13]} Nf6 {[%clk 0:12:11]}
6.Bg2 {[%clk 0:12:15]} O-O {[%clk 0:12:11]} 7.O-O {[%clk 0:12:17]}
Nc6 {[%clk 0:12:11]} 8.d3 {[%clk 0:12:17]} Bd7 {[%clk 0:12:01]}
9.h3 {[%clk 0:12:17]} e6 {[%clk 0:11:56]} 10.Bf4 {[%clk 0:12:17]}
e5 {[%clk 0:11:57]} 11.Be3 {[%clk 0:12:18]} a6 {[%clk 0:11:31]}
12.f4 {[%clk 0:12:20]} Nd4 {[%clk 0:11:31]} 13.g4 {[%clk 0:12:05]}
Bxg4 {[%clk 0:09:34]} 14.hxg4 {[%clk 0:12:07]} Nxg4 {[%clk 0:09:36]}
15.Bf2 {[%clk 0:12:04]} Nxf2 {[%clk 0:09:36]} 16.Rxf2 {[%clk 0:12:06]}
exf4 {[%clk 0:09:33]} 17.Nxf4 {[%clk 0:11:32]} Qh4 {[%clk 0:09:10]}
18.Ncd5 {[%clk 0:10:30]} Ne6 {[%clk 0:08:23]} 19.Ne2 {[%clk 0:08:06]}
Nd4 {[%clk 0:06:52]} 20.Rf4 {[%clk 0:07:13]} Qh6 {[%clk 0:06:22]}
21.Nf6+ {[%clk 0:06:05]} Kh8 {[%clk 0:05:56]} 22.Nxd4 {[%clk 0:06:05]}
Qxf4 {[%clk 0:05:48]} 23.Nd7 {[%clk 0:06:07]} Bxd4+ {[%clk 0:05:47]}
24.Kh1 {[%clk 0:06:06]} Qh4+ 0-1

[Event "13. Golden Prague Rapid Open"]
[Site "Praha"]
[Date "2017.07.01"]
[Round "1.17"]
[White "Kolbusovsky, Petr"]
[Black "Vetrovsky, Michal"]
[Result "0-1"]
[WhiteElo "1692"]
[BlackElo "2081"]
[Annotator ""]
[Source ""]
[Remark ""]

1.b3 Nf6 2.Bb2 d5 3.e3 e6 4.c4 Be7 5.Nf3 O-O 6.Nc3 c5 {[%clk 0:00:00]}
7.Be2 Nc6 8.O-O d4 9.exd4 cxd4 10.Na4 d3 11.Ng5 dxe2 12.Qxe2
h6 13.Ne4 Nxe4 14.Qxe4 Bf6 15.Nc3 Qd4 16.Qxd4 Bxd4 17.Ba3 Rd8
18.Rad1 Bxc3 19.dxc3 Rxd1 20.Rxd1 e5 21.b4 Be6 22.b5 Na5 0-1

[Event "13. Golden Prague Rapid Open"]
[Site "Praha"]
[Date "2017.07.01"]
[Round "1.18"]
[White "Festa, Samuele"]
[Black "Krnak, Vladimir"]
[Result "1-0"]
[WhiteElo "2078"]
[BlackElo "1691"]
[Annotator ""]
[Source ""]
[Remark ""]

1.Nf3 {[%clk 0:12:03]} Nf6 {[%clk 0:12:05]} 2.d4 {[%clk 0:12:01]}
g6 {[%clk 0:12:03]} 3.c4 {[%clk 0:11:58]} Bg7 {[%clk 0:12:04]}
4.Nc3 {[%clk 0:11:55]} O-O {[%clk 0:12:04]} 5.g3 {[%clk 0:11:29]}
d6 {[%clk 0:11:52]} 6.Bg2 {[%clk 0:11:30]} a6 {[%clk 0:11:40]}
7.O-O {[%clk 0:11:29]} Nc6 {[%clk 0:11:34]} 8.h3 {[%clk 0:11:03]}
Rb8 {[%clk 0:11:34]} 9.e4 {[%clk 0:10:26]} Bd7 {[%clk 0:11:29]}
10.Re1 {[%clk 0:10:18]} e5 {[%clk 0:11:00]} 11.dxe5 {[%clk 0:09:38]}
dxe5 {[%clk 0:10:36]} 12.Bg5 {[%clk 0:09:26]} h6 {[%clk 0:10:28]}
13.Bxf6 {[%clk 0:09:13]} Bxf6 {[%clk 0:10:21]} 14.Qd2 {[%clk 0:08:32]}
Bg7 {[%clk 0:10:07]} 15.Rad1 {[%clk 0:08:31]} Be6 {[%clk 0:10:02]}
16.Qxd8 {[%clk 0:07:38]} Rbxd8 {[%clk 0:09:21]} 17.Nd5 {[%clk 0:07:26]}
Bxd5 {[%clk 0:09:03]} 18.cxd5 {[%clk 0:07:17]} Nd4 {[%clk 0:08:30]}
19.Nxd4 {[%clk 0:07:01]} exd4 {[%clk 0:08:31]} 20.f4 {[%clk 0:06:44]}
c5 {[%clk 0:08:25]} 21.e5 {[%clk 0:05:56]} b6 {[%clk 0:07:06]}
22.Be4 {[%clk 0:05:45]} Rfe8 {[%clk 0:06:24]} 23.b3 {[%clk 0:05:26]}
g5 {[%clk 0:06:14]} 24.Kg2 {[%clk 0:05:19]} Kf8 {[%clk 0:04:26]}
25.Kf3 {[%clk 0:05:16]} f5 {[%clk 0:03:57]} 26.Bd3 b5 {[%clk 0:03:41]}
27.d6 {[%clk 0:04:48]} g4+ {[%clk 0:02:55]} 28.hxg4 {[%clk 0:04:43]}
fxg4+ {[%clk 0:02:57]} 29.Kxg4 {[%clk 0:04:42]} Re6 {[%clk 0:02:19]}
30.Rc1 {[%clk 0:04:19]} Rd7 {[%clk 0:01:33]} 31.Bf5 {[%clk 0:03:57]}
h5+ {[%clk 0:01:34]} 32.Kf3 {[%clk 0:03:48]} Kf7 {[%clk 0:01:23]}
33.Bxe6+ {[%clk 0:03:44]} Kxe6 {[%clk 0:01:22]} 34.Ke4 {[%clk 0:03:42]}
d3 {[%clk 0:01:07]} 35.f5+ {[%clk 0:03:35]} Kf7 {[%clk 0:01:04]}
36.e6+ {[%clk 0:03:35]} Ke8 {[%clk 0:00:58]} 37.exd7+ {[%clk 0:03:33]}
Kxd7 {[%clk 0:01:00]} 38.Kxd3 {[%clk 0:03:25]} Bd4 {[%clk 0:00:53]}
39.Re6 {[%clk 0:03:21]} Bf2 {[%clk 0:00:50]} 40.Ke4 {[%clk 0:03:14]}
Bxg3 {[%clk 0:00:49]} 41.Kd5 {[%clk 0:03:14]} Bf2 {[%clk 0:00:46]}
42.f6 {[%clk 0:02:56]} Bd4 {[%clk 0:00:48]} 43.f7 {[%clk 0:02:52]}
Bg7 {[%clk 0:00:43]} 44.Rxc5 {[%clk 0:02:47]} 1-0

[Event "13. Golden Prague Rapid Open"]
[Site "Praha"]
[Date "2017.07.01"]
[Round "2.1"]
[White "Konopka, Michal"]
[Black "Melich, Jindrich"]
[Result "1-0"]
[WhiteElo "2415"]
[BlackElo "2049"]
[Annotator ""]
[Source ""]
[Remark ""]

1.Nf3 {[%clk 0:12:03]} c5 {[%clk 0:12:04]} 2.c4 {[%clk 0:12:03]}
b6 {[%clk 0:12:06]} 3.g3 {[%clk 0:12:04]} Bb7 {[%clk 0:12:09]}
4.Bg2 {[%clk 0:12:05]} Nf6 {[%clk 0:12:11]} 5.O-O {[%clk 0:12:04]}
e6 {[%clk 0:12:14]} 6.Nc3 {[%clk 0:12:01]} Be7 {[%clk 0:12:16]}
7.d4 {[%clk 0:11:54]} d6 {[%clk 0:12:09]} 8.d5 {[%clk 0:11:22]}
exd5 {[%clk 0:12:03]} 9.Nh4 {[%clk 0:11:03]} Qd7 {[%clk 0:11:38]}
10.cxd5 {[%clk 0:10:39]} O-O {[%clk 0:11:18]} 11.e4 {[%clk 0:10:24]}
Ne8 {[%clk 0:11:15]} 12.Nf5 {[%clk 0:10:16]} Bf6 {[%clk 0:11:16]}
13.a4 {[%clk 0:09:35]} Na6 {[%clk 0:11:13]} 14.Bh3 {[%clk 0:09:01]}
Qd8 {[%clk 0:11:04]} 15.Bf4 {[%clk 0:08:32]} Nac7 {[%clk 0:10:48]}
16.Qf3 {[%clk 0:07:41]} Bc8 {[%clk 0:09:08]} 17.Rad1 {[%clk 0:07:06]}
Bxf5 {[%clk 0:08:54]} 18.Bxf5 {[%clk 0:07:03]} Qe7 {[%clk 0:08:26]}
19.Qd3 {[%clk 0:06:47]} g6 {[%clk 0:08:22]} 20.Bh3 {[%clk 0:06:47]}
a6 {[%clk 0:08:12]} 21.Rfe1 {[%clk 0:06:38]} Ng7 {[%clk 0:07:12]}
22.e5 {[%clk 0:06:01]} Nge8 1-0

[Event "13. Golden Prague Rapid Open"]
[Site "Praha"]
[Date "2017.07.01"]
[Round "2.2"]
[White "Groh, Jiri"]
[Black "Plischki, Sebastian"]
[Result "0-1"]
[WhiteElo "2047"]
[BlackElo "2415"]
[Annotator ""]
[Source ""]
[Remark ""]

1.c4 {[%clk 0:12:04]} c5 {[%clk 0:12:03]} 2.Nf3 {[%clk 0:12:06]}
g6 {[%clk 0:12:04]} 3.d4 {[%clk 0:12:08]} cxd4 {[%clk 0:12:06]}
4.Nxd4 {[%clk 0:12:09]} Bg7 {[%clk 0:12:07]} 5.Nc3 {[%clk 0:12:10]}
Nc6 {[%clk 0:12:08]} 6.Be3 {[%clk 0:12:06]} Nf6 {[%clk 0:11:59]}
7.f3 {[%clk 0:11:53]} O-O {[%clk 0:11:57]} 8.Bf2 {[%clk 0:11:48]}
d5 {[%clk 0:11:48]} 9.Nxc6 {[%clk 0:11:38]} bxc6 {[%clk 0:11:49]}
10.e3 {[%clk 0:11:32]} Rb8 {[%clk 0:11:44]} 11.Rb1 {[%clk 0:11:28]}
e5 {[%clk 0:11:35]} 12.Be2 {[%clk 0:11:24]} Bf5 {[%clk 0:11:22]}
13.Bd3 {[%clk 0:11:15]} d4 {[%clk 0:11:11]} 14.Ne4 {[%clk 0:10:43]}
Nxe4 {[%clk 0:10:50]} 15.Bxe4 {[%clk 0:10:34]} Bxe4 {[%clk 0:10:49]}
16.fxe4 {[%clk 0:10:36]} Qa5+ {[%clk 0:10:47]} 17.Qd2 {[%clk 0:10:31]}
Qxa2 {[%clk 0:10:45]} 18.O-O {[%clk 0:10:27]} Qxc4 {[%clk 0:10:43]}
19.Rfc1 {[%clk 0:10:13]} Qb5 {[%clk 0:10:10]} 20.b4 {[%clk 0:09:50]}
Rfd8 {[%clk 0:09:53]} 21.exd4 {[%clk 0:09:36]} exd4 {[%clk 0:09:47]}
22.Qa2 {[%clk 0:09:24]} a6 {[%clk 0:08:42]} 23.Rc5 {[%clk 0:09:14]}
Qd3 {[%clk 0:08:43]} 24.Rxc6 {[%clk 0:09:01]} Qxe4 {[%clk 0:08:45]}
25.Rxa6 {[%clk 0:08:24]} d3 {[%clk 0:08:20]} 26.Ra7 {[%clk 0:08:03]}
Rb7 {[%clk 0:08:19]} 27.Re1 {[%clk 0:07:35]} Rxa7 {[%clk 0:08:13]}
28.Qxa7 {[%clk 0:07:31]} Qxb4 {[%clk 0:07:58]} 29.Qc7 {[%clk 0:07:17]}
Qb8 {[%clk 0:06:39]} 30.Qc4 {[%clk 0:07:06]} d2 {[%clk 0:06:30]}
31.Rd1 {[%clk 0:07:08]} Bh6 {[%clk 0:06:17]} 32.Qh4 {[%clk 0:06:53]}
Bf4 {[%clk 0:05:33]} 33.Qf6 {[%clk 0:06:46]} Bxh2+ {[%clk 0:05:20]}
34.Kh1 {[%clk 0:06:48]} Be5 {[%clk 0:05:09]} 35.Qf3 {[%clk 0:06:40]}
Qb4 {[%clk 0:04:47]} 36.Be3 {[%clk 0:06:14]} Rd3 {[%clk 0:04:11]}
37.Qa8+ {[%clk 0:05:43]} Kg7 {[%clk 0:04:10]} 38.Bf2 {[%clk 0:05:18]}
Qf4 {[%clk 0:03:56]} 39.Kg1 {[%clk 0:05:06]} Qg4 {[%clk 0:02:36]} 0-1

[Event "13. Golden Prague Rapid Open"]
[Site "Praha"]
[Date "2017.07.01"]
[Round "2.3"]
[White "Kiss, Pal"]
[Black "Muk, Ivo"]
[Result "1-0"]
[WhiteElo "2339"]
[BlackElo "2010"]
[Annotator ""]
[Source ""]
[Remark ""]

1.d4 {[%clk 0:12:04]} Nf6 {[%clk 0:12:04]} 2.c4 {[%clk 0:12:06]}
e6 {[%clk 0:12:04]} 3.Nf3 {[%clk 0:12:07]} b6 {[%clk 0:12:01]}
4.g3 {[%clk 0:12:05]} Bb7 {[%clk 0:12:03]} 5.Bg2 {[%clk 0:12:06]}
c5 {[%clk 0:11:50]} 6.d5 {[%clk 0:12:04]} exd5 {[%clk 0:11:39]}
7.Nh4 {[%clk 0:12:04]} g6 {[%clk 0:10:43]} 8.Nc3 {[%clk 0:11:56]}
Na6 {[%clk 0:08:12]} 9.O-O {[%clk 0:11:18]} Nc7 {[%clk 0:06:49]}
10.Bf4 {[%clk 0:09:43]} d6 {[%clk 0:06:38]} 11.Bg5 {[%clk 0:09:03]}
Be7 {[%clk 0:06:13]} 12.cxd5 {[%clk 0:06:14]} h6 {[%clk 0:06:16]}
13.Bc1 {[%clk 0:05:42]} b5 {[%clk 0:05:59]} 14.e4 {[%clk 0:04:56]}
Nd7 {[%clk 0:03:47]} 15.Nf3 {[%clk 0:04:41]} Bf6 {[%clk 0:03:30]}
16.Re1 {[%clk 0:04:10]} Kf8 {[%clk 0:03:17]} 17.Qc2 {[%clk 0:03:36]}
Kg7 {[%clk 0:03:12]} 18.Rb1 {[%clk 0:03:21]} a5 {[%clk 0:02:47]}
19.b3 {[%clk 0:03:13]} b4 {[%clk 0:01:55]} 20.Na4 {[%clk 0:02:53]}
Ba6 {[%clk 0:01:46]} 21.Bb2 {[%clk 0:01:50]} Re8 {[%clk 0:01:48]}
22.Nd2 {[%clk 0:01:38]} Ne5 {[%clk 0:01:35]} 23.f4 {[%clk 0:01:09]}
Bd3 {[%clk 0:01:00]} 24.Qd1 {[%clk 0:01:00]} Bxb1 {[%clk 0:00:57]}
25.fxe5 {[%clk 0:00:56]} Bxe5 {[%clk 0:00:59]} 26.Bxe5+ {[%clk 0:00:52]}
Rxe5 {[%clk 0:01:01]} 27.Qxb1 {[%clk 0:00:53]} Nb5 {[%clk 0:00:51]}
28.Nc4 {[%clk 0:00:53]} Re8 {[%clk 0:00:47]} 29.Qa1+ {[%clk 0:00:37]}
Kg8 {[%clk 0:00:42]} 30.e5 {[%clk 0:00:36]} dxe5 {[%clk 0:00:22]}
31.Rxe5 {[%clk 0:00:34]} Nd4 {[%clk 0:00:17]} 32.Qe1 {[%clk 0:00:31]}
Qd7 {[%clk 0:00:06]} 33.Nab6 {[%clk 0:00:32]} Rxe5 34.Qxe5 {[%clk 0:00:33]}
Qg4 {[%clk 0:00:04]} 35.h3 {[%clk 0:00:15]} Qd1+ {[%clk 0:00:05]}
36.Kh2 {[%clk 0:00:17]} Rf8 {[%clk 0:00:00]} 37.Nd7 {[%clk 0:00:15]} 1-0

[Event "13. Golden Prague Rapid Open"]
[Site "Praha"]
[Date "2017.07.01"]
[Round "2.4"]
[White "Plasek, Zdenek"]
[Black "Frolov, Artur"]
[Result "0-1"]
[WhiteElo "1993"]
[BlackElo "2332"]
[Annotator ""]
[Source ""]
[Remark ""]

1.d4 {[%clk 0:11:59]} Nf6 {[%clk 0:12:05]} 2.Bg5 {[%clk 0:12:00]}
Ne4 {[%clk 0:12:06]} 3.Bf4 {[%clk 0:12:01]} c5 {[%clk 0:11:49]}
4.f3 {[%clk 0:11:54]} Nf6 {[%clk 0:11:18]} 5.d5 {[%clk 0:11:53]}
g6 {[%clk 0:10:56]} 6.e4 {[%clk 0:11:47]} d6 {[%clk 0:10:58]}
7.Nc3 {[%clk 0:11:43]} Bg7 {[%clk 0:10:56]} 8.Bb5+ {[%clk 0:11:33]}
Nbd7 {[%clk 0:10:50]} 9.Qd2 {[%clk 0:11:17]} O-O {[%clk 0:10:29]}
10.Bxd7 {[%clk 0:11:00]} Bxd7 {[%clk 0:08:53]} 11.Bh6 {[%clk 0:10:54]}
b5 {[%clk 0:08:48]} 12.g4 {[%clk 0:10:17]} b4 {[%clk 0:08:35]}
13.Nce2 {[%clk 0:10:17]} e6 {[%clk 0:06:51]} 14.Bxg7 {[%clk 0:10:16]}
Kxg7 {[%clk 0:06:53]} 15.dxe6 {[%clk 0:09:19]} Bxe6 {[%clk 0:06:53]}
16.Nf4 {[%clk 0:09:14]} Bxg4 {[%clk 0:06:13]} 17.fxg4 {[%clk 0:09:01]}
Nxe4 {[%clk 0:06:13]} 18.Qg2 {[%clk 0:08:19]} Qh4+ {[%clk 0:04:56]}
19.Kf1 {[%clk 0:08:18]} Rae8 {[%clk 0:04:53]} 20.Nf3 {[%clk 0:08:14]}
Qf6 {[%clk 0:04:53]} 21.Nd3 {[%clk 0:07:44]} c4 {[%clk 0:04:32]}
22.Nf2 {[%clk 0:05:32]} Qxb2 {[%clk 0:04:27]} 23.Re1 {[%clk 0:05:32]}
d5 {[%clk 0:04:13]} 24.Nxe4 {[%clk 0:04:44]} dxe4 {[%clk 0:04:14]}
25.Nd2 e3 26.Nxc4 {[%clk 0:01:42]} e2+ {[%clk 0:04:14]} 27.Rxe2
{[%clk 0:01:34]} Qc1+ {[%clk 0:04:07]} 28.Kf2 {[%clk 0:01:31]}
Qf4+ {[%clk 0:04:07]} 29.Qf3 {[%clk 0:01:23]} Rxe2+ {[%clk 0:04:08]}
30.Kxe2 {[%clk 0:01:21]} Qxc4+ {[%clk 0:04:10]} 31.Kd1 {[%clk 0:01:08]}
Qd4+ {[%clk 0:04:05]} 32.Kc1 {[%clk 0:01:06]} Qa1+ {[%clk 0:04:01]}
33.Kd2 {[%clk 0:01:08]} Rd8+ {[%clk 0:04:03]} 34.Ke3 {[%clk 0:01:05]}
Qc3+ {[%clk 0:03:54]} 35.Kf4 {[%clk 0:01:01]} Qc7+ {[%clk 0:03:43]}
36.Ke3 {[%clk 0:00:58]} Qc5+ {[%clk 0:03:41]} 37.Kf4 {[%clk 0:00:57]}
Qd6+ {[%clk 0:03:41]} 38.Ke3 {[%clk 0:00:58]} Qd2+ {[%clk 0:03:43]} 0-1

[Event "13. Golden Prague Rapid Open"]
[Site "Praha"]
[Date "2017.07.01"]
[Round "2.6"]
[White "Chudinovskikh, Alexander M"]
[Black "Kovar, Jan"]
[Result "1-0"]
[WhiteElo "2250"]
[BlackElo "1978"]
[Annotator ""]
[Source ""]
[Remark ""]

1.d4 {[%clk 0:12:03]} d5 {[%clk 0:12:06]} 2.Bf4 {[%clk 0:12:04]}
Nf6 {[%clk 0:12:06]} 3.e3 {[%clk 0:12:05]} Bf5 {[%clk 0:12:08]}
4.c4 {[%clk 0:12:03]} c6 {[%clk 0:12:09]} 5.Nc3 {[%clk 0:12:02]}
e6 {[%clk 0:12:07]} 6.Qb3 {[%clk 0:12:00]} Qb6 {[%clk 0:12:04]}
7.c5 {[%clk 0:12:02]} Qxb3 {[%clk 0:12:00]} 8.axb3 {[%clk 0:12:03]}
Nbd7 {[%clk 0:11:32]} 9.b4 {[%clk 0:12:04]} Be7 {[%clk 0:10:21]}
10.b5 {[%clk 0:11:44]} O-O {[%clk 0:10:14]} 11.bxc6 {[%clk 0:11:38]}
bxc6 {[%clk 0:10:16]} 12.Ba6 {[%clk 0:11:29]} Rfb8 {[%clk 0:09:45]}
13.Bxb8 {[%clk 0:11:28]} Rxb8 {[%clk 0:09:40]} 14.Ra2 {[%clk 0:11:16]}
Ne4 {[%clk 0:09:06]} 15.Nge2 {[%clk 0:11:11]} e5 {[%clk 0:08:18]}
16.O-O {[%clk 0:10:37]} exd4 {[%clk 0:07:28]} 17.Nxd4 {[%clk 0:10:26]}
Ra8 1-0

[Event "13. Golden Prague Rapid Open"]
[Site "Praha"]
[Date "2017.07.01"]
[Round "2.7"]
[White "Horinek, Karel"]
[Black "Netusil, Miloslav"]
[Result "0-1"]
[WhiteElo "1962"]
[BlackElo "2249"]
[Annotator ""]
[Source ""]
[Remark ""]

1.e4 {[%clk 0:12:01]} e6 {[%clk 0:12:01]} 2.d3 {[%clk 0:11:56]}
d5 {[%clk 0:12:00]} 3.Nc3 {[%clk 0:11:49]} Nf6 {[%clk 0:11:55]}
4.Bg5 {[%clk 0:11:43]} Be7 {[%clk 0:11:43]} 5.Nf3 {[%clk 0:11:28]}
Nc6 {[%clk 0:11:14]} 6.Be2 {[%clk 0:10:29]} d4 {[%clk 0:11:06]}
7.Nb1 {[%clk 0:10:24]} e5 {[%clk 0:11:00]} 8.Nbd2 {[%clk 0:10:19]}
O-O {[%clk 0:10:50]} 9.O-O {[%clk 0:10:14]} Be6 {[%clk 0:10:17]}
10.c3 {[%clk 0:09:55]} dxc3 {[%clk 0:09:35]} 11.bxc3 {[%clk 0:09:54]}
Nh5 {[%clk 0:09:32]} 12.Be3 {[%clk 0:09:34]} Kh8 {[%clk 0:09:18]}
13.Nxe5 {[%clk 0:09:19]} Nxe5 {[%clk 0:09:14]} 14.Bxh5 {[%clk 0:09:18]}
Qxd3 {[%clk 0:09:04]} 15.Be2 {[%clk 0:08:38]} Qd7 {[%clk 0:08:40]}
16.Qc2 {[%clk 0:08:32]} Ng4 {[%clk 0:07:51]} 17.Bxg4 {[%clk 0:08:16]}
Bxg4 {[%clk 0:07:49]} 18.f3 {[%clk 0:08:14]} Be6 {[%clk 0:07:48]}
19.Rad1 {[%clk 0:08:12]} Qc6 {[%clk 0:07:38]} 20.Nb3 {[%clk 0:08:01]}
Bc4 {[%clk 0:07:23]} 21.Rfe1 {[%clk 0:07:45]} b6 {[%clk 0:07:22]}
22.Nd4 {[%clk 0:07:36]} Qg6 {[%clk 0:06:14]} 23.Nf5 {[%clk 0:07:31]}
Bf6 {[%clk 0:06:06]} 24.Bd4 {[%clk 0:07:22]} Be6 {[%clk 0:06:03]}
25.Bxf6 {[%clk 0:06:47]} Qxf6 {[%clk 0:05:57]} 26.Ne3 {[%clk 0:06:42]}
c6 {[%clk 0:05:47]} 27.c4 {[%clk 0:06:28]} Rfd8 {[%clk 0:05:35]}
28.a4 {[%clk 0:06:12]} Rd4 {[%clk 0:05:27]} 29.Rxd4 {[%clk 0:05:00]}
Qxd4 {[%clk 0:05:25]} 30.f4 {[%clk 0:04:32]} f6 {[%clk 0:05:05]}
31.Kf2 {[%clk 0:03:50]} Re8 {[%clk 0:04:59]} 32.Kf3 {[%clk 0:03:39]}
Qc5 {[%clk 0:04:55]} 33.f5 {[%clk 0:03:18]} Bf7 {[%clk 0:04:50]}
34.Rd1 {[%clk 0:03:13]} Qe5 {[%clk 0:04:15]} 35.Rd7 {[%clk 0:02:48]}
Kg8 {[%clk 0:03:57]} 36.g4 {[%clk 0:02:32]} a5 {[%clk 0:03:36]}
37.Qd3 {[%clk 0:02:26]} Qxh2 {[%clk 0:03:31]} 38.Rb7 {[%clk 0:01:27]}
Qe5 {[%clk 0:03:03]} 39.Rxb6 {[%clk 0:01:15]} h5 {[%clk 0:02:59]}
40.Rxc6 {[%clk 0:01:00]} h4 {[%clk 0:02:29]} 41.Nf1 {[%clk 0:00:41]}
h3 {[%clk 0:02:28]} 42.Rd6 {[%clk 0:00:18]} Qb2 {[%clk 0:02:02]}
43.Ng3 {[%clk 0:00:02]} Qg2+ {[%clk 0:01:39]} 44.Kf4 {[%clk 0:02:59]}
h2 {[%clk 0:04:33]} 45.Qf3 {[%clk 0:02:52]} 0-1

[Event "13. Golden Prague Rapid Open"]
[Site "Praha"]
[Date "2017.07.01"]
[Round "2.8"]
[White "Pribyl, Josef"]
[Black "Janacek, Jaroslav"]
[Result "1-0"]
[WhiteElo "2240"]
[BlackElo "1972"]
[Annotator ""]
[Source ""]
[Remark ""]

1.c4 e5 2.Nc3 d6 3.Nf3 f5 4.d4 e4 5.Ng5 Be7 6.Nh3 Nf6 7.f3 c6
8.d5 Nbd7 9.Nf4 Ne5 10.e3 O-O 11.Be2 Kh8 12.O-O a5 13.b3 Qb6
14.Qd4 Qxd4 15.exd4 exf3 16.gxf3 Ng6 17.Nxg6+ hxg6 18.dxc6 bxc6
19.Kh1 d5 20.Bf4 Nh5 21.Be5 g5 22.cxd5 cxd5 23.Nxd5 Bd8 24.Rac1
Bb7 25.Nc7 Rc8 26.Ne6 Rxc1 27.Rxc1 Re8 28.Nxd8 Rxd8 29.Rc7 Bd5
30.Kg1 a4 31.bxa4 Bxa2 32.a5 Bd5 33.a6 Nf4 34.Kf2 Ne6 35.Re7
Kg8 36.Bd3 Kf8 37.Rb7 g6 38.Rb5 Bc6 39.Rb6 Nxd4 40.Bxd4 Rxd4
41.Rxc6 Rxd3 42.a7 Rd2+ 43.Ke3 Ra2 44.Rc8+ 1-0